Catálogo público

Normal view MARC view

Entry Término temático

Number of records used in: 1

001 - NÚMERO DE CONTROL

  • campo de control: 177033

003 - IDENTIFICADOR DEL NÚMERO DE CONTROL

  • campo de control: OSt

005 - FECHA Y HORA DE LA ÚLTIMA TRANSACCIÓN

  • campo de control: 20220601073941.0

008 - DATOS DE LONGITUD FIJA

  • campo de control de longitud fija: 220601|| aca||aabn | a|a d

040 ## - FUENTE DE LA CATALOGACIÓN

  • Centro catalogador/agencia de origen: OSt
  • Centro/agencia transcriptor: OSt

150 ## - ENCABEZAMIENTO--TÉRMINO DE MATERIA

  • Término de materia o nombre geográfico como elemento de entrada: 1. Enterolobium cyclocarpum 2. Ganado lanar - Alimentación 3. Arboles como forraje 4. Alimentos y alimentación del ganado - Valor nutritivo

670 ## - FUENTE DE DATOS ENCONTRADOS

  • Cita de la fuente: Work cat.: (OSt)210181: González Medina, Sergio Armando 49166, Evaluación del valor nutritivo de la parota (Enterolobium cyclocarpum) en la alimentación de ovinos / por Sergio Armando González Medina, Nohemí Ariceaga Sánchez y Nicolás Alberto Altamirano Gómez